Every country's closest country - Statistics

General Stats
  • This quiz has been taken 37 times
  • The average score is 87 of 196
Answer Stats
Country Distance (km) Nearest country % Correct
Afghanistan 530 Pakistan
100%
Andorra 360 France
93%
Albania 140 North Macedonia
89%
Algeria 930 Tunisia
89%
Armenia 210 Azerbaijan
85%
Argentina 680 Chile
85%
Azerbaijan 210 Armenia
78%
Canada 1980 United States
78%
Chile 680 Argentina
74%
Croatia 130 Bosnia and Herzegovina
74%
Colombia 840 Ecuador
74%
Belize 240 Guatemala
74%
Egypt 740 Israel
74%
Belgium 130 Luxembourg
74%
China 1140 Mongolia
74%
Angola 1090 Namibia
74%
Botswana 680 Namibia
74%
Costa Rica 330 Nicaragua
74%
Bolivia 970 Paraguay
74%
Bahrain 80 Qatar
74%
Bangladesh 390 Bhutan
70%
Eritrea 570 Djibouti
70%
Australia 2090 East Timor
70%
Dominican Republic 230 Haiti
70%
Estonia 210 Latvia
70%
Brunei 580 Malaysia
70%
Austria 170 Slovenia
70%
Cambodia 460 Vietnam
70%
Ecuador 840 Colombia
67%
Bosnia and Herzegovina 130 Croatia
67%
Bahamas 440 Cuba
67%
Djibouti 470 Ethiopia
67%
El Salvador 270 Guatemala
67%
Cuba 420 Jamaica
67%
Belarus 330 Lithuania
67%
Finland 500 Sweden
67%
Georgia 250 Armenia
63%
Czechia 250 Austria
63%
Bhutan 390 Bangladesh
63%
Brazil 1410 Bolivia
63%
Cyprus 280 Lebanon
63%
Côte d'Ivoire 430 Liberia
63%
Germany 340 Luxembourg
63%
Burundi 150 Rwanda
63%
Japan 910 South Korea
63%
Benin 190 Togo
63%
Italy 90 Vatican City
63%
Haiti 230 Dominican Republic
59%
Congo 380 Gabon
59%
Equatorial Guinea 290 Gabon
59%
Burkina Faso 490 Ghana
59%
Iceland 1450 Ireland
59%
Jordan 170 Israel
59%
eSwatini 470 Lesotho
59%
Comoros 880 Madagascar
59%
Denmark 500 Netherlands
59%
Bulgaria 310 North Macedonia
59%
Greece 290 North Macedonia
59%
Antigua and Barbuda 100 Saint Kitts and Nevis
59%
Guyana 340 Suriname
59%
Ireland 350 United Kingdom
59%
Guatemala 240 Belize
56%
Central African Republic 860 Cameroon
56%
Cameroon 510 Equatorial Guinea
56%
Israel 170 Jordan
56%
India 730 Nepal
56%
Hungary 170 Slovakia
56%
France 240 Spain
56%
Iraq 520 Syria
56%
Kuwait 480 Bahrain
52%
Luxembourg 130 Belgium
52%
Indonesia 810 Brunei
52%
Democratic Republic of the Congo 700 Burundi
52%
Chad 990 Central African Republic
52%
Ethiopia 470 Djibouti
52%
Gabon 290 Equatorial Guinea
52%
Cape Verde 960 Gambia
52%
North Macedonia 120 Kosovo
52%
Lithuania 170 Latvia
52%
Latvia 170 Lithuania
52%
Liechtenstein 110 Switzerland
52%
Ghana 250 Togo
52%
Kenya 600 Uganda
52%
Kazakhstan 780 Uzbekistan
52%
Laos 330 Vietnam
52%
Jamaica 420 Cuba
48%
Honduras 270 El Salvador
48%
Mexico 1560 Guatemala
48%
Iran 730 Kuwait
48%
Barbados 170 Saint Lucia
48%
Gambia 130 Senegal
48%
Lebanon 270 Syria
48%
Kyrgyzstan 440 Tajikistan
48%
Madagascar 880 Comoros
44%
Dominica 170 Saint Lucia
44%
Guinea 220 Sierra Leone
44%
Lesotho 310 South Africa
44%
Malaysia 580 Brunei
41%
Guinea-Bissau 160 Gambia
41%
Libya 1050 Malta
41%
Kosovo 120 North Macedonia
41%
Liberia 350 Sierra Leone
41%
Malta 480 Tunisia
41%
Paraguay 970 Bolivia
37%
Mali 580 Burkina Faso
37%
Panama 470 Costa Rica
37%
Peru 960 Ecuador
37%
San Marino 130 Italy
37%
Mauritius 1140 Madagascar
37%
Malawi 470 Mozambique
37%
Maldives 960 Sri Lanka
37%
Moldova 300 Ukraine
37%
Fiji 390 Vanuatu
37%
Pakistan 530 Afghanistan
33%
Qatar 80 Bahrain
33%
Saudi Arabia 640 Bahrain
33%
Netherlands 190 Belgium
33%
Nepal 640 Bhutan
33%
Namibia 680 Botswana
33%
Rwanda 150 Burundi
33%
Mauritania 780 Mali
33%
Romania 300 Moldova
33%
Poland 380 Slovakia
33%
North Korea 410 South Korea
33%
Portugal 380 Spain
33%
Monaco 340 Switzerland
33%
Oman 410 United Arab Emirates
33%
Nigeria 620 Benin
30%
Mongolia 1140 China
30%
Slovenia 170 Croatia
30%
Somalia 800 Ethiopia
30%
Nicaragua 270 Honduras
30%
Montenegro 130 Kosovo
30%
Serbia 180 Kosovo
30%
South Africa 310 Lesotho
30%
Switzerland 110 Liechtenstein
30%
Singapore 700 Malaysia
30%
Niger 870 Nigeria
30%
South Korea 410 North Korea
30%
Morocco 1080 Portugal
30%
Grenada 80 Saint Vincent and the Grenadines
30%
Kiribati 1210 Samoa
30%
Myanmar 710 Bangladesh
26%
Turkey 490 Cyprus
26%
São Tomé and Príncipe 440 Equatorial Guinea
26%
Norway 690 Finland
26%
Sweden 500 Finland
26%
Senegal 130 Gambia
26%
Slovakia 170 Hungary
26%
East Timor 1190 Indonesia
26%
Tajikistan 440 Kyrgyzstan
26%
Thailand 480 Laos
26%
Syria 270 Lebanon
26%
Mozambique 470 Malawi
26%
Sri Lanka 960 Maldives
26%
Russia 1720 Mongolia
26%
New Zealand 2540 Tonga
26%
Turkmenistan 440 Uzbekistan
26%
Togo 190 Benin
22%
Philippines 1170 Brunei
22%
Tanzania 620 Burundi
22%
United States 1980 Canada
22%
Spain 240 France
22%
Sierra Leone 220 Guinea
22%
Suriname 340 Guyana
22%
United Kingdom 350 Ireland
22%
Vatican City 90 Italy
22%
Ukraine 300 Moldova
22%
Taiwan 1340 Philippines
22%
Seychelles 1500 Comoros
19%
Sudan 940 Eritrea
19%
Solomon Islands 1030 Fiji
19%
Saint Vincent and the Grenadines 80 Grenada
19%
Tunisia 480 Malta
19%
Marshall Islands 970 Nauru
19%
Micronesia 1640 Papua New Guinea
19%
United Arab Emirates 340 Qatar
19%
Saint Lucia 100 Saint Vincent and the Grenadines
19%
Papua New Guinea 1630 Solomon Islands
19%
Samoa 880 Tonga
19%
Uzbekistan 440 Turkmenistan
19%
South Sudan 700 Uganda
19%
Saint Kitts and Nevis 100 Antigua and Barbuda
15%
Uruguay 890 Argentina
15%
Vanuatu 390 Fiji
15%
Trinidad and Tobago 200 Grenada
15%
Nauru 970 Marshall Islands
15%
Palau 1360 Philippines
15%
Uganda 450 Rwanda
15%
Tonga 880 Samoa
15%
Tuvalu 1340 Samoa
15%
Yemen 710 Djibouti
11%
Zimbabwe 620 Mozambique
11%
Venezuela 640 Trinidad and Tobago
11%
Zambia 650 Zimbabwe
11%
Vietnam 330 Laos
7%
No matching quizzes found
Score Distribution
Percent of People with Each Score
Percentile by Number Answered
Your Score History
You have not taken this quiz